000 00539nam a2200193 i 4500
001 127198
003 ES-MaACL
005 20250812051209.0
007 t|
008 070214s1949 xxk r ||||1| eng d
100 1 _aRice, Tamara Talbot.
_996893
245 1 0 _aRussian art /
_cby Tamara Talbot Rice.
250 _a1st publ.
260 _aMiddlesex :
_bPenguin Books,
_c1949.
300 _a296 p. :
_bil. ;
_c18 cm.
650 7 _aArte ruso
_2embne
_9135620
852 _aES-MaACL
_jD-6073
_bR.29626
999 _c127198
_d127198